Library Logo

Pioneer International University Library Catalogue

The snowblind moon : (Record no. 9180)

MARC details
000 -LEADER
fixed length control field 01446cam a2200397 i 4500
001 - CONTROL NUMBER
control field 1896366
003 - CONTROL NUMBER IDENTIFIER
control field OSt
005 - DATE AND TIME OF LATEST TRANSACTION
control field 20250901165759.0
008 - FIXED-LENGTH DATA ELEMENTS--GENERAL INFORMATION
fixed length control field 840712t19841984nyub 000 1 eng
010 ## - LIBRARY OF CONGRESS CONTROL NUMBER
LC control number 84014009
020 ## - INTERNATIONAL STANDARD BOOK NUMBER
International Standard Book Number 0671450891
040 ## - CATALOGING SOURCE
Original cataloging agency DLC
Language of cataloging eng
Description conventions rda
Transcribing agency DLC
Modifying agency DLC
-- OCoLC
042 ## - AUTHENTICATION CODE
Authentication code pcc
043 ## - GEOGRAPHIC AREA CODE
Geographic area code n-us---
050 00 - LIBRARY OF CONGRESS CALL NUMBER
Classification number PS 3553 .O556 S64 1984
Item number S64 1984
051 ## - LIBRARY OF CONGRESS COPY, ISSUE, OFFPRINT STATEMENT
Classification number PS3553.O556
Item number S64 1984 Copy 3
Copy information In original illustrated dust jacket. Dinkytown Antiquarian Bookstore, Minneapolis label on rear paste-down.
082 00 - DEWEY DECIMAL CLASSIFICATION NUMBER
Classification number 813/.54
Edition information 19
100 1# - MAIN ENTRY--PERSONAL NAME
Personal name Cooke, John Byrne,
Relator term author.
245 14 - TITLE STATEMENT
Title The snowblind moon :
Remainder of title a novel of the West /
Statement of responsibility, etc. by John Byrne Cooke.
264 #1 - PRODUCTION, PUBLICATION, DISTRIBUTION, MANUFACTURE, AND COPYRIGHT NOTICE
Place of production, publication, distribution, manufacture New York :
Name of producer, publisher, distributor, manufacturer Simon and Schuster,
Date of production, publication, distribution, manufacture, or copyright notice [1984]
264 #4 - PRODUCTION, PUBLICATION, DISTRIBUTION, MANUFACTURE, AND COPYRIGHT NOTICE
Date of production, publication, distribution, manufacture, or copyright notice ©1984
300 ## - PHYSICAL DESCRIPTION
Extent 688 pages :
Other physical details maps ;
Dimensions 25 cm
336 ## - CONTENT TYPE
Content type term text
Content type code txt
Source rdacontent
337 ## - MEDIA TYPE
Media type term unmediated
Media type code n
Source rdamedia
338 ## - CARRIER TYPE
Carrier type term volume
Carrier type code nc
Source rdacarrier
500 ## - GENERAL NOTE
General note Dust jacket design and painting by Wendell Minor.
500 ## - GENERAL NOTE
General note Maps on lining papers.
586 ## - AWARDS NOTE
Awards note Spur Award, 1985
650 #0 - SUBJECT ADDED ENTRY--TOPICAL TERM
Topical term or geographic name entry element Indians of North America
Form subdivision Fiction.
655 #7 - INDEX TERM--GENRE/FORM
Genre/form data or focus term Historical fiction.
Source of term lcgft
655 #7 - INDEX TERM--GENRE/FORM
Genre/form data or focus term Dust jackets (Binding)
Geographic subdivision New York (State)
-- New York
Chronological subdivision 20th century.
Source of term rbbin
700 1# - ADDED ENTRY--PERSONAL NAME
Personal name Minor, Wendell,
Relator term illustrator.
710 2# - ADDED ENTRY--CORPORATE NAME
Corporate name or jurisdiction name as entry element Larry Dingman Western Fiction Collection (Library of Congress)
Institution to which field applies DLC
906 ## - LOCAL DATA ELEMENT F, LDF (RLIN)
a 7
b cbc
c orignew
d 1
e ocip
f 19
g y-gencatlg
942 ## - ADDED ENTRY ELEMENTS (KOHA)
Source of classification or shelving scheme Library of Congress Classification
Koha item type Books
Holdings
Withdrawn status Lost status Source of classification or shelving scheme Damaged status Not for loan Home library Current library Shelving location Date acquired Total checkouts Full call number Barcode Date last seen Price effective from Koha item type
    Library of Congress Classification     Main Library Main Library   12/05/2024   PS 3553 .O556 S64 1984 PIU0006687 12/05/2024 12/05/2024 Books